000 00988cam a2200289Ia 4500
008
020 _a286978192X (pbk. )
049 _aMAIN
090 _aJC599.A36
_bHUM
245 0 0 _aHuman rights, regionalism and the dilemmas of democracy in Africa /
_cedited by Lennart Wohlgemuth & Ebrima Sall.
260 _aDakar, Senegal :
_bCouncil for the Development of Social Science Research in Africa /
_cc2006.
300 _aiv, 189 p. :
_c23 cm.
440 0 _aCodesria book series.
504 _aIncludes bibliographical references.
500 _aIncludes index.
610 2 0 _aAfrican Commission on Human and Peoples' Rights.
650 0 _aDemocracy
_zAfrica.
610 2 0 _aHuman Rights Africa.
650 0 _aCivil rights
_zAfrica.
700 1 _aWohlgemuth, Lennart.
700 1 _aSall, Ebrima.
907 _a.b10245121
_b28-05-13
_c18-05-07
003
005 20230123134447.0
040 _cNUST
942 _cBOOKS
_kJC599.A36
_mHUM
999 _c166294
_d166294